00517nam a2200157Ia 4500003000400000005001700004008004100021040001800062041000800080082001500088100004700103245012400150260002500274600003000299650003000329OSt20260325110018.0211028s2006 xx 000 0 und d cAIMIT LIBRARY aeng a658.3 CUTR aCutinha, Reshma M;Kamath, Rameshg40911111 aA study on role of banks in agriculture and rural development activities with special reference to Karnataka Bank ltd / bKamath, Rameshc2006 aHuman Resource Management aHuman Resource Management